000 00322nam a2200121Ia 4500
008 190802s9999 xx 000 0 und d
020 _a978-969-664-021-9
100 _aProf. Sabahat H.
245 0 _aMastering The Art of Prices Writing And Comprehension
260 _aKarachi
_bWorld Times
300 _a200:p
942 _cBK
999 _c2562
_d2562